Geograficzne Rekordy Świata - Statystyki

Ogólne statystyki
  • Ten quiz został rozwiązany 81 razy
  • Średni wynik to 12 z 19
Statystyki odpowiedzi
Hint Odpowiedź % Poprawnych
Najwyższy Szczyt na ziemi Mount Everest
97%
Największy Kontynent Azja
96%
Najmniejszy Kontynent Australia
94%
Najdłuższa rzeka świata Amazonka
88%
Najwyższy Szczyt Afryki Kilimandżaro
88%
Największa pustynia na świecie Sahara
85%
Największa wyspa świata Grenlandia
82%
Najwyższy Szczyt Australii Góra Kościuszki
78%
Najliczniejsza Religia Islam
76%
Najwyższy Szczyt Europy Mont Blanc
70%
Największe jezioro świata Morze Kaspijskie
67%
Największy ocean świata Ocean Spokojny
66%
Największy park narodowy na świecie Yellowstone
57%
Najwyższy Szczyt Ameryki Południowej Aconcagua
42%
Najwyższy Szczyt Ameryki Północnej McKinley
34%
Największy wodospad na świecie Salto Angel
30%
Najstarsze miasto świata (ciągle zamieszkane) Damaszek
18%
Największy czynny wulkan Ojos
7%
Największe morze świata Morze Arktyczne
6%
Nie znaleziono quizów pasujących do podanych kryteriów
Rozkład punktacji
Procent ludzi z każdym wynikiem
Percentyl według liczby udzielonych odpowiedzi
Twoja historia wyników
Nie rozwiązałeś tego quizu